000 00328nam a2200133 i 4500
001 bg
245 0 _aTablicy dlja rasceta matricnych elementow operatorow atomnych welicin.
250 _aWyd.2 popr.
260 _aMoskwa,
_c1972.
040 _cBPK
041 _apol
942 _cKS
008 s pl f |000 0 pol
999 _c14714
_d14714
856 _uhttp://koha.tu.koszalin.pl/cgi-bin/koha/opac-detail.pl?biblionumber=14714
_yKatalog online BPK